The big book of stars and planets

Bibliographic Details
Format: Book
Published: London : The Octopus Publishing , 1990
Subjects:

MARC

LEADER 00000cam a2200000 7i4500
001 0000000188
005 20011116.0
020 |a 0600568881 
090 0 0 |a 032.02   |b BIG 
245 0 4 |a The big book of stars and planets 
260 |a London :   |b The Octopus Publishing ,   |c 1990 
650 0 0 |a Astronomy   |x Juvenile literature 
740 0 |a Stars and planets 
999 |a 027463   |b BUKU   |c PINJAMAN   |e PERPUSTAKAAN KOMUNITI PETALING JAYA